| 000 | 01333nam a2200313 4500 | ||
|---|---|---|---|
| 001 | 0000022660 | ||
| 003 | CO-CtgCURN | ||
| 005 | 20250429224120.0 | ||
| 007 | ta | ||
| 008 | 160627s2006 000 0 eng d | ||
| 020 | _a9788478274246 | ||
| 040 |
_aCO-CtgCURN _bspa _ccoctgcurn |
||
| 082 | 0 |
_a370.117 _bE79 |
|
| 100 | 1 | _aEssomba, Miguel Angel. | |
| 245 | 1 | 0 |
_aLiderar escuelas interculturales e inclusivas : _bequipos directivos y profesorado ante la diversidad cultural y la inmigracion / _cMiguel Angel Essomba. |
| 250 | _a1a ed. | ||
| 260 |
_aMadrid : _bGrao, _c2006. |
||
| 300 | _a169 p. | ||
| 336 | _2rdacontent | ||
| 337 |
_2rdamedia _asin mediacion _bn |
||
| 338 |
_2rdacarrier _avolumen _bnc |
||
| 490 | 1 | _aOrganizacion y gestion educativa : 222 | |
| 504 | _aIncluye referencias bibliograficas (p.165-169) | ||
| 505 | 8 | _aEl profesorado y el cambio hacea la escuela intercultural e inclusiva.--Elementos para el cambio hacia la escuela intercultural.--Elementos para el cambio hacia la escuela intercultural.--Elementos para el cambio hacia la escuela inclusiva.--Estrategias de innovacion hacia la escuela intercultural e inclusiva | |
| 650 | 1 | 4 | _aEducación intercultural. |
| 908 | _a160627 | ||
| 942 |
_cBK _h370.117 _iE79 _2ddc |
||
| 999 |
_c39408 _d39408 |
||